| 000 | 00750cam a2200205 i 4500 | ||
|---|---|---|---|
| 999 |
_c58344 _d58344 |
||
| 001 | 19270565 | ||
| 005 | 20221108163808.0 | ||
| 008 | 160912s2017 enk 000 0 eng | ||
| 020 | _a9781138217584x | ||
| 080 | _a338.4 M-48 | ||
| 100 | 1 |
_aEpler Wood, Megan, _912935 |
|
| 245 | 1 | 0 |
_aSustainable tourism on a finite planet : _benvironmental, business and policy solutions / _cMegan Epler Wood. |
| 264 | 1 |
_aLondon ; _aNew York : _bRoutledge, Taylor & Francis Group, earthscan from Routledge, _c2017. |
|
| 300 |
_aviii, 328 pages ; _c24 cm. |
||
| 653 | _aSustainable Tourism on a Finite Planet | ||
| 653 | _aEnvironmental, Business and Policy Solutions | ||
| 653 | _aეკონომიკა | ||
| 653 | _aЭкономика | ||
| 942 |
_2udc _cBK |
||